| 000 | 00447nam a2200157Ia 4500 | ||
|---|---|---|---|
| 005 | 20250508155257.0 | ||
| 008 | 008 250505s9999 xx 000 0 hin d | ||
| 037 | _aBooks to be hide in OPAC | ||
| 040 |
_aFEDL _beng _cFEDL |
||
| 041 |
_ahin _2eng |
||
| 084 |
_a891.43005, GYA/O _qFEDL |
||
| 245 | 0 | _aGyanodaye | |
| 260 |
_aKashi, India _bBhartiya Gyanpeeth _c1944 |
||
| 942 |
_cHB _h891.43005, GYA/O |
||
| 999 |
_c1355786 _d1355786 |
||